| 000 | 01627nam0a2200349 i 4500 | ||
|---|---|---|---|
| 001 | RU\NLR\BIBL_A\010529638 | ||
| 005 | 20241110073328.0 | ||
| 010 |
_a9785997329150 _950 |
||
| 021 |
_aRU _b2014-66382 _94053 |
||
| 035 | _a(NILC)RuMoRGB-007545876 | ||
| 035 | _a(NLR Aleph) 010529638 | ||
| 090 |
_a10251185 _c10251185 |
||
| 100 | _a20141113d2014 km y0rusy50 ca | ||
| 101 | 0 | _arus | |
| 102 | _aRU | ||
| 105 | _aa|||z||||01yy | ||
| 200 | 1 |
_aМежотраслевая диверсификация как инструмент адаптации компаний к условиям турбулентности современной экономики _eмонография _fВ. В. Володин |
|
| 210 |
_aМосква _cСпутник+ _d2014 |
||
| 215 |
_a70 с. _cил. _d21 |
||
| 300 | _aНа обороте тит. л. авт.: В. В. Володин, проф., чл.-корр. Междунар. акад. инвестиций и экономики стр-ва | ||
| 320 | _aБиблиогр.: с. 68-70 (31 назв.) | ||
| 606 | 1 |
_aПромышленные предприятия _xДиверсификация _92331480 _3RU\NLR\auth\661394180 |
|
| 606 |
_aПромышленные предприятия _xУправление _91545107 _3RU\NLR\auth\66674279 |
||
| 610 | 0 | _aмежотраслевая диверсификация | |
| 686 | 1 | _aУ30(2)-801 | |
| 686 | 1 | _aУ30(2)-219.1 | |
| 700 | 1 |
_aВолодин _bВ. В. _gВладимир Викторович |
|
| 801 | 0 |
_aRU _bРГБ _c20140902 _gRCR |
|
| 942 | _cBOOK | ||
| 980 | _aNBR | ||